Franchises de Super Rugby sur une carte - Statistiques

Statistiques générales
  • Ce quiz a été pris 69 fois
  • Le résultat moyen est 8 sur 10
Réponses sur la Carte
Les réponses sont colorées sur une échelle allant du rouge au vert en fonction du pourcentage des utilisateurs qui les ont devinées à leur premier essai. Vous pouvez retrouver ces pourcentages ci-dessous.
 
Statistiques - réponses
Franchise % Correct
Crusaders
95%
Blues
89%
Hurricanes
84%
Reds
81%
Highlanders
75%
Brumbies
74%
Chiefs
74%
Waratahs
70%
Western Force
65%
Rebels
63%
Aucun quiz correspondant
Distribution des résultats
% des personnes avec chaque résultat
Percentile par nombre de réponses
Votre historique - résultats
Vous n’avez pas pris ce quiz